<?xml version="1.0" encoding="UTF-8"?>
<record
    xmlns:xsi="http://www.w3.org/2001/XMLSchema-instance"
    xsi:schemaLocation="http://www.loc.gov/MARC21/slim http://www.loc.gov/standards/marcxml/schema/MARC21slim.xsd"
    xmlns="http://www.loc.gov/MARC21/slim">

  <leader>02903cam a2200397La 4500</leader>
  <controlfield tag="001">4240475</controlfield>
  <controlfield tag="003">OSt</controlfield>
  <controlfield tag="005">20211022120302.0</controlfield>
  <controlfield tag="006">m        u        </controlfield>
  <controlfield tag="007">cr cn-</controlfield>
  <controlfield tag="008">011005s2000    enka    sb    001 0 eng d</controlfield>
  <datafield tag="020" ind1=" " ind2=" ">
    <subfield code="a">9780749457143</subfield>
  </datafield>
  <datafield tag="035" ind1=" " ind2=" ">
    <subfield code="a">(OCoLC)49414808</subfield>
  </datafield>
  <datafield tag="035" ind1=" " ind2=" ">
    <subfield code="a">(OCoLC)ocm49414808</subfield>
  </datafield>
  <datafield tag="035" ind1=" " ind2=" ">
    <subfield code="a">(N$T)ocm49414808</subfield>
  </datafield>
  <datafield tag="035" ind1=" " ind2=" ">
    <subfield code="a">(NNC)4240475</subfield>
  </datafield>
  <datafield tag="040" ind1=" " ind2=" ">
    <subfield code="a">N$T</subfield>
    <subfield code="c">N$T</subfield>
    <subfield code="d">OCLCQ</subfield>
  </datafield>
  <datafield tag="050" ind1="1" ind2="4">
    <subfield code="a">HF5415.7.R87</subfield>
  </datafield>
  <datafield tag="082" ind1=" " ind2=" ">
    <subfield code="2">658.7</subfield>
  </datafield>
  <datafield tag="100" ind1="1" ind2=" ">
    <subfield code="a">Rushton, Alan.</subfield>
  </datafield>
  <datafield tag="245" ind1="1" ind2="4">
    <subfield code="a">The handbook of logistics and distribution management. /</subfield>
    <subfield code="c">Alan Rushton, Phil Croucher, Peter Baker</subfield>
  </datafield>
  <datafield tag="246" ind1="3" ind2="0">
    <subfield code="a">Logistics and distribution management</subfield>
  </datafield>
  <datafield tag="250" ind1=" " ind2=" ">
    <subfield code="a">4th ed.</subfield>
  </datafield>
  <datafield tag="260" ind1=" " ind2=" ">
    <subfield code="a">London:</subfield>
    <subfield code="b">Kogan Page,</subfield>
    <subfield code="c">2010.</subfield>
  </datafield>
  <datafield tag="300" ind1=" " ind2=" ">
    <subfield code="a">xxvi, 635 p. :</subfield>
    <subfield code="b">ill. ;</subfield>
    <subfield code="c">25 cm.</subfield>
  </datafield>
  <datafield tag="500" ind1=" " ind2=" ">
    <subfield code="a">Published with The Chartered Institute of Logistics and Transport UK.</subfield>
  </datafield>
  <datafield tag="504" ind1=" " ind2=" ">
    <subfield code="a">Includes bibliographical references and index.</subfield>
  </datafield>
  <datafield tag="505" ind1=" " ind2=" ">
    <subfield code="a">Contents: 1. Concepts of logistics and distribution: Introduction to logistics and distribution -- Integrated logistics and the supply chain --Customer service and logistics -- Channels of distribution -- Key issues and challenges for logistics -- 2. Planning for logistics: Planning framework for logistics -- Logistics processes -- Supply chain segmentation -- Logistics network planning --  Logistics management and organization -- Manufacturing ang materials management -- 3. Procurement and inventory decisions: Basic inventory planning and management -- Inventory and the supply chain -- Purchasing and supply -- 4. Warehousing and storage: Principles of warehousing -- Storage systems and handling systems (palletized) -- Storage systems and handling systems (non-palletized) -- Order picking and replenishment -- Receiving and dispatch -- Warehouse design -- Warehouse management and information -- 5. Freight transport: International logistics: modal choice -- Maritime transport -- Air transport -- Rail and intermodal transport -- Road freight transport: vehicle selection -- Road freight transport: vehicle costing -- Road freight transport: planning and resourcing -- 6. Operational management: Cost and performance monitoring -- Benchmarking -- Information and communication technology in the supply chain -- Outsourcing: services and decision criteria -- Outsourcing: the selection process -- Outsourcing management -- Security and safety in distribution -- Logistics and the environment --Humanitarian logistics -- </subfield>
  </datafield>
  <datafield tag="533" ind1=" " ind2=" ">
    <subfield code="a">Electronic reproduction.</subfield>
    <subfield code="b">Boulder, Colo. :</subfield>
    <subfield code="c">NetLibrary,</subfield>
    <subfield code="d">2001.</subfield>
    <subfield code="n">Available via World Wide Web.</subfield>
    <subfield code="n">Access may be limited to NetLibrary affiliated libraries.</subfield>
  </datafield>
  <datafield tag="650" ind1=" " ind2="0">
    <subfield code="a">Physical distribution of goods</subfield>
    <subfield code="x">Management.</subfield>
  </datafield>
  <datafield tag="655" ind1=" " ind2="7">
    <subfield code="a">Electronic books.</subfield>
    <subfield code="2">local</subfield>
  </datafield>
  <datafield tag="700" ind1="1" ind2=" ">
    <subfield code="a">Croucher, Phil.</subfield>
  </datafield>
  <datafield tag="700" ind1="1" ind2=" ">
    <subfield code="q">Baker, Peter</subfield>
  </datafield>
  <datafield tag="710" ind1=" " ind2=" ">
    <subfield code="b">The Chartered Institute of Logistics and Transport (UK)</subfield>
  </datafield>
  <datafield tag="942" ind1=" " ind2=" ">
    <subfield code="2">lcc</subfield>
    <subfield code="c">BK</subfield>
  </datafield>
  <datafield tag="999" ind1=" " ind2=" ">
    <subfield code="c">7848</subfield>
    <subfield code="d">15348</subfield>
  </datafield>
  <datafield tag="952" ind1=" " ind2=" ">
    <subfield code="0">0</subfield>
    <subfield code="1">0</subfield>
    <subfield code="2">lcc</subfield>
    <subfield code="4">0</subfield>
    <subfield code="7">0</subfield>
    <subfield code="a">WIUC-KL</subfield>
    <subfield code="b">WIUC-KL</subfield>
    <subfield code="c">GEN</subfield>
    <subfield code="d">2019-11-06</subfield>
    <subfield code="e">STM</subfield>
    <subfield code="l">0</subfield>
    <subfield code="o">HF5415.7.R87(4e)</subfield>
    <subfield code="p">K/1338/1338/19</subfield>
    <subfield code="r">2021-10-22 00:00:00</subfield>
    <subfield code="w">2021-10-22</subfield>
    <subfield code="y">BK</subfield>
  </datafield>
</record>
